| 000 | 00517 a2200169 4500 | ||
|---|---|---|---|
| 003 | NUST | ||
| 005 | 20251020142118.0 | ||
| 040 | _cNust | ||
| 082 | _a621.382,ZUB | ||
| 100 |
_aZubair, Capt Jamil, TE-35 _9131275 |
||
| 245 |
_aSpeech compression using MBE and interfacing with VSAT / _cCapt Jamil Zubair, Capt Saqib Mumtaz, Capt Zulfiqar Alvi and Capt Akhtar Qamar TE-35 |
||
| 260 |
_aRawalpindi _bMCS _c2002 |
||
| 300 | _a137 p. | ||
| 650 |
_aUG Projects _998716 |
||
| 651 |
_aTE-35 _9131276 |
||
| 942 |
_cPR _2ddc |
||
| 999 |
_c182714 _d182714 |
||